00446nam a2200193Ia 4500003000900000008004100009040001300050040001300063041000800076100001600084245005700100250001200157260001200169260000900181300001100190300001000201490003300211490000800244IT-RoPAU120407s9999 xx 000 0 und d aIT-RoPAU cIT-RoPAU aita aValdo Vinay aEcclesiologia ed etica politica in Giovanni Calvino. aBrescia aPaideia c1973 a202 p. c21 cm aBiblioteca cultura religiosa v128